[Event "Ubeda"]
[Site "Ubeda"]
[Date "1997.02.14"]
[Round "5"]
[White "Akopian, Vladimir Eduardovic"]
[Black "Illescas Cordoba, Miguel"]
[Result "1-0"]
[WhiteElo "2655"]
[BlackElo "2635"]
[Annotator "Har Zvi,R"]
[PlyCount "77"]
[EventDate "1997.02.07"]
[EventType "tourn"]
[EventRounds "11"]
[EventCountry "ESP"]
[EventCategory "16"]
[SourceTitle "CBM 058"]
[Source "ChessBase"]
[SourceDate "1997.06.01"]
[SourceVersion "1"]
[SourceVersionDate "1997.06.01"]
[SourceQuality "1"]

1. e4 {Ftacnik Horvath,T Petursson Baburin} c5 2. Nf3 e6 (2... d6 3. Bb5+ Bd7
4. Bxd7+ Nxd7 5. O-O Ngf6 6. Qe2 e6 7. b3 Be7 8. Bb2 {- game}) 3. b3 d6 4. Bb2
Nf6 5. Bb5+ Bd7 (5... Nbd7 6. e5 (6. Qe2 a6 7. Bd3 e5 8. O-O Be7 9. c3 O-O 10.
Bc2 Re8 11. d4 Qc7 12. dxe5 $1 dxe5 (12... Nxe5) 13. c4 Bf8 14. Nc3 $14 {
/+/- Neverdnichy,V-Rogozenko,D/Chisinau op/1993/}) 6... dxe5 7. Nxe5 Be7 8. O-O
(8. Nxd7 Bxd7 9. Bxd7+ Qxd7 10. O-O O-O 11. d3 Nd5 12. Nd2 Bf6 13. Bxf6 Nxf6
$11 {De la Villa Garcia,J-Magam Badals,J/Leon/1992/}) 8... O-O 9. f4 Qc7 10.
Qf3 a6 11. Bxd7 Bxd7 12. d3 Rad8 13. Nd2 Bc8 14. a4 Nd5 15. Ne4 f6 16. Qg3 b5
$13 {Chandler,M-Zapata,A Palma GMA 1989}) 6. Bxd7+ Nbxd7 7. Qe2 Be7 ({Mir
gefällt} 7... g6 {Horvath,T} 8. c4 Bg7 {besser.}) 8. O-O {so now we have
reached a typical position from a quite well played opening 1.e4 c5 2.Nf3 d6 3.
Bb5 Bd7 4.BxB NxB 5.00 Ngf6 6.Qe2 e6 7.b3 Be7 8.Bb2 and so on.....} O-O (8...
Qc7 {Horvath,T} 9. c4 Ne5 $5) 9. c4 Qc7 (9... a6 10. d4 cxd4 11. Nxd4 Re8 (
11... Qa5 12. Nc3 Rfc8 13. Rad1 Rab8 14. Kh1 Bd8 15. f4 Qh5 16. Nf3 Bc7 $13 {
Grosar,A-Tukmakov,V/Portoroz 1996/}) 12. Nc3 Rc8 13. Rad1 Bf8 14. Kh1 g6 15. f4
Rc5 16. Nf3 $14 {Ulibin,M-Neverov,V/Voskresensk/1990/}) 10. d4 cxd4 11. Nxd4 a6
12. Nc3 Rfe8 13. Rad1 (13. f4 Qc5 14. Na4 (14. Rad1 $4 e5 15. Na4 Qa7) 14...
Qh5 15. Qxh5 Nxh5 16. f5 Bf6 17. fxe6 fxe6 18. Rad1 $14 {Tal,M-Miles,A/Riga
izt/1979/}) (13. Kh1 {Ftacnik} d5 (13... Qc5 14. Rad1 Qh5 15. Qxh5 Nxh5 16. Nf3
Rac8 17. Rd2 Nhf6 18. Re1 Nc5 19. g3 Bd8 20. Ba3 Be7 21. Bb2 Red8 22. Nd4 Kf8 {
Brynell,S-Tiviakov,S/Haninge (03)/1992/1-0 (74)}) 14. cxd5 exd5 15. Nxd5 Nxd5
16. exd5 Ba3 17. Qd2 Bxb2 18. Qxb2 Qe5 {1/2-1/2 Belkhodja,S-Ligterink,G/
Amsterdam OHRA-B (07)/1987}) (13. Rfe1 {Ftacnik} Ne5 14. Rad1 Nc6 15. Nxc6 Qxc6
16. f4 b5 17. cxb5 axb5 18. Qxb5 Qxb5 19. Nxb5 Rxa2 20. Bxf6 gxf6 21. Nxd6 Rb8
22. Re3 Rb2 23. Rdd3 Bxd6 24. Rxd6 R2xb3 {1/2-1/2 Ochoa de Echaguen,F-Rachels,
S/New York op/1987}) (13. Rac1 {Ftacnik} Rad8 14. Rfd1 Ne5 15. f4 Ng6 16. f5
Nf8 17. Qf3 N6d7 18. Kh1 Ne5 19. Qg3 Bf6 20. Rf1 Qe7 21. Nce2 Bg5 22. Rcd1 h6
23. Nf4 {Bossuyt,K-Ballmann,M/Wch-stud Antwerpen (07)/1992/1/2-1/2 (56)}) 13...
Qc5 (13... d5 $6 14. cxd5 exd5 15. Nf5 dxe4 16. Nd5 $1 Nxd5 17. Qg4 g6 18. Rxd5
Rad8 (18... Nf6 19. Bxf6 Bxf6 20. Rd7 {[%cal Gf5h6]}) 19. Rc1 Nc5 20. Nh6+ Kf8
21. Rf5 $1 f6 22. Bxf6 {1-0 Ulibin,M-Knoppert,E/Leeuwarden op/1993/}) (13...
Bf8 {Ftacnik} 14. f4 e5 15. Nf5 b5 16. cxb5 axb5 17. Qxb5 g6 18. Ng3 exf4 19.
Rxf4 d5 20. Qf1 Qb6+ 21. Kh1 Bh6 22. Rf3 dxe4 23. Ncxe4 Nxe4 24. Rxd7 Nc3 25.
Rfxf7 {1-0 Ulibin,M-Ruban,V/Santa Clara (09)/1991/}) (13... Rad8 14. f4 Bf8 15.
Kh1 e5 16. Nf5 g6 17. Ne3 exf4 18. Ncd5 Nxd5 19. Nxd5 Qc6 20. Rxf4 Bg7 21. Rdf1
f6 22. h3 b5 23. Qf2 bxc4 24. Rxf6 Ne5 25. Bxe5 Rxe5 26. Rf7 Rde8 27. Rc7 {
1-0 Liiva,R-Kempinski,R/EUchJ Vejen 1993/EXT 93ch}) 14. Rd3 {the rook is
taking a big part in the attack by putting pressure on the g7 square from g3}
Ne5 (14... b5 $6 {Ftacnik} 15. cxb5 axb5 16. Ndxb5 Reb8 17. Rd4 $16) 15. Na4
Qa5 16. Rh3 Ng6 (16... Nc6 $5 {Ftacnik} 17. Nxc6 bxc6 18. e5 dxe5 19. Bxe5) 17.
f4 e5 (17... Nxf4 $2 {Ftacnik} 18. Rxf4 e5 19. Rf5 g6 20. Rg3 $18) 18. Nf5 (18.
fxe5 {Petursson} Nxe5 $5 (18... dxe5 {Ftacnik} 19. Nf5 Nf4 20. Rxf4 exf4) 19.
Nf5 b5 20. Rg3 bxa4 21. Nxg7 (21. Nxe7+ Rxe7 22. Rxf6 Qc5+ $13) 21... Kh8 22.
Nxe8 Rxe8 $13) 18... Nxf4 (18... exf4 19. Bxf6 Bxf6 20. Qh5 Kf8 $8 (20... h6 {
Petursson} 21. Nxh6+ gxh6 22. Qxa5 $18) 21. Qxh7 {[%cal Gh7h8]} Ne7 22. Nxd6)
19. Rxf4 {Baburin: [#]This is an example of the Exchange sacrifice in attack:
White has accumulated a decisive advantage in force around the black monarch
and conducts his attack energetically:} exf4 20. Bc3 $1 {it is important to
move the queen from the fifth rank} (20. Nxe7+ Rxe7 21. Bxf6 gxf6 22. Qg4+ Qg5)
(20. Bxf6 {Ftacnik} Bxf6 21. Qh5 $4 Qe1#) 20... Qd8 21. Nxg7 $1 (21. Bxf6 {
Ftacnik} Bxf6 22. Qh5 h6 $19) 21... Kxg7 (21... Rf8 {Ftacnik} 22. Nh5 b5 23.
Nxf6+ Bxf6 24. Qh5 h6 25. Qxh6 $18) 22. Qg4+ Kh8 (22... Kf8 $2 {[%tqu "En",
"try to find mate,there is one!","","","h3h7","with mate in a few moves",2]}
23. Rxh7 $3 {with mate in a few moves} (23. Rxh7 $1 {Petursson} Nxg4 24. Rh8#))
23. Qf5 Kg8 (23... Kg7 {Ftacnik} 24. Qxh7+ Kf8 25. Qh8+ Ng8 26. Bg7# (26. Qxg8+
Kxg8 27. Rh8#)) 24. Rh6 {there was another very strong idea for white the most
simple move take a pawn 24.Qxf4 as we will see is probably winning for white} (
24. Qxf4 $1 {simply freeing the g3 square for the rook black is hopeless it is
very strange that Akopian had missed this move} d5 $8 25. Qh6 $1 {[%cal Gh3g3]}
Qb8 26. Rg3+ Qxg3 27. hxg3 $18) (24. Qg5+ $11) (24. Bd4 {Horvath,T} Rc8 $1 25.
Nb6 Rc5 $8 26. Bxc5 (26. Nd5 Rxd5 27. exd5 Qa5 $13) 26... dxc5 27. Nd5 Qa5 $1)
24... Kf8 $8 (24... d5 {Baburin} 25. Rxf6 Bxf6 (25... dxc4 26. Qg5+ Kf8 27.
Qh6+ Kg8 28. Rg6+ $18) 26. Bxf6 $18 (26. Bxf6 {Ftacnik} Re7 27. Qg5+ Kf8 28.
Qg7+ Ke8 29. Nc5 dxe4 30. Qg8#)) (24... Z0 25. Rxf6 Bxf6 26. Bxf6 Re5 27. Qg4+
$18) 25. Qg5 (25. Rxf6 $2 Bxf6 26. Bxf6 Re5 $8 27. Qxf4 Qa5 $13 (27... Qc7 {
Horvath,T} 28. Qh6+ Ke8 29. Qxh7 Rc8 $13) (27... Qa5 $1 {Ftacnik} 28. Qg3 Rxe4
29. Nc3 Qc5+ 30. Kh1 Qe3 $19)) (25. Bxf6 $5 {Baburin} Bxf6 26. Rxf6 Kg8 27. Rh6
) 25... d5 $8 {The only hope} (25... Qd7 {Ftacnik} 26. Rxh7 Bd8 27. Rh8+ Ke7
28. Qxf6#) 26. Rxh7 (26. Rxf6 $2 d4 $1) (26. exd5 $5 {Ftacnik} f3 27. gxf3 Rc8
28. Kg2 $18) 26... Bc5+ 27. Nxc5 Nxh7 28. Qh6+ Ke7 29. Qh4+ $3 (29. Bb4 $5 {
Petursson This move would win the black queen by force!} a5 30. Nxb7+ axb4 31.
Nxd8 Rexd8 32. Qh4+ Kf8 33. Qxh7 $16) 29... Kf8 (29... Kd6 $2 {Ftacnik} 30.
Nxb7+ $18) (29... f6 {Ftacnik} 30. Qxh7+ Kf8 31. Nd7+ $18) 30. Qh6+ {Just
repeating moves to gain time on the clock} Ke7 31. Qh4+ Kf8 32. Qxh7 $18 Re6 (
32... Qg5 33. h4 $1 (33. Nd7+ Ke7 34. Bf6+ Qxf6 35. Nxf6 Kxf6 36. Qf5+) (33.
Bg7+ Ke7 (33... Qxg7 34. Nd7+ $18) 34. e5 $18) 33... Qg6 34. Qh8+ Ke7 35. Qe5+
Kd8 36. Nxb7+ Kd7 37. Nc5+) (32... Qb6 33. Bf6 $3 (33. Qg7+ Ke7 34. Qg5+ Kd6
35. Qxf4+ Ke7 36. Bf6+ Qxf6 37. Qc7+ Kf8 38. Nd7+ $18) 33... Qxf6 (33... Qxc5+
34. Kf1 {with mate}) 34. Nd7+ Ke7 35. Nxf6 Kxf6 36. Qf5+) (32... d4 {Horvath,T}
33. Bb4 $1 $18 (33. Bb4 {Ftacnik} Ke7 34. Nxb7+ $18)) (32... dxe4 {Horvath,T}
33. Qh6+ Ke7 34. Bf6+ $18) (32... Qd6 {Ftacnik} 33. Qg7+ Ke7 34. Qg5+ f6 35.
Qg7+ Kd8 36. Nxb7+ $18) 33. Nxe6+ fxe6 34. Qg7+ Ke8 35. Bf6 Qd6 (35... Qb6+ 36.
Kf1 $18 (36. Kf1 {Ftacnik} Qb4 37. Qg8+ Kd7 38. Qxa8 $18)) (35... Qd7 {Ftacnik}
36. Qg8#) 36. Qg8+ Kd7 (36... Qf8 {Ftacnik} 37. Qxe6+) 37. Qxa8 Qb6+ 38. Kf1
dxe4 39. Qf8 (39. Qf8 {Ftacnik} Qe3 40. Qe7+ Kc6 41. Qxe6+ $18) 1-0

[Event "POL-ch 54th"]
[Site "Sopot"]
[Date "1997.??.??"]
[Round "3"]
[White "Pedzich, Dominik"]
[Black "Kuczynski, Robert"]
[Result "1-0"]
[WhiteElo "2465"]
[BlackElo "2500"]
[Annotator "Har Zvi,R"]
[PlyCount "87"]
[EventDate "1997.03.18"]
[EventType "tourn"]
[EventRounds "15"]
[EventCountry "POL"]
[EventCategory "9"]
[SourceTitle "CBM 059"]
[Source "ChessBase"]
[SourceDate "1997.08.01"]
[SourceVersion "1"]
[SourceVersionDate "1997.08.01"]
[SourceQuality "1"]

1. e4 c5 2. Nf3 d6 3. Bb5+ Bd7 4. Bxd7+ Qxd7 5. O-O Nc6 6. c3 Nf6 7. Qe2 (7. d4
Nxe4 8. d5 Ne5 9. Re1 (9. Nxe5 dxe5 10. Re1 Nd6 11. Rxe5 g6 12. Re1 (12. Bg5
Nf5 13. c4 Bg7 14. Re2 h6 15. Bf4 Nd4 16. Re1 O-O 17. Be5 b5 $132 {1/2-1/2
Golod,V-Har-Zvi,R Tel-Aviv ASA 1995}) 12... Bg7 13. Na3 O-O 14. Bf4 b5 15. Qf3
Rfe8 {with a good position for black Pedzich,D-Shirov,A Wchj-U20 Santiago 1990}
) 9... Nxf3+ (9... Nf6 10. Nxe5 dxe5 11. Rxe5 {[%csl Re7]}) 10. Qxf3 Nf6 11. c4
e5 12. dxe6 fxe6 13. Bg5 Be7 14. Nc3 h6 (14... O-O-O $5) (14... O-O 15. Qh3 $14
) 15. Bxf6 (15. Bh4 O-O 16. Qe2 e5 17. Bxf6 Bxf6 18. Ne4 Be7 19. Rad1 Qe6 20.
Rd5 b5 21. Red1 $44 {Ulibin,M-Garcia Ilundain,D Las Palmas 1993}) 15... O-O 16.
Qh3 Bxf6 17. Qxe6+ Qxe6 18. Rxe6 {Grunfeld,Y-Alterman,B Israel 1996 66/(166)}
Rae8 $1 19. Rae1 Kf7 (19... Rxe6 20. Rxe6 Bxc3 21. bxc3 Rf4 22. Rxd6 Rxc4 23.
Rd8+ Kh7 24. f4 $1 {Alterman,B}) 20. Rxe8 Rxe8 21. Rxe8 Kxe8 22. Ne4 Kd7 23. b3
Kc6 $15 {Alterman,B}) 7... e6 8. d4 cxd4 9. cxd4 d5 10. e5 Ne4 11. Be3 Be7 12.
Ne1 f6 13. f3 Ng5 14. Nd2 (14. Nd3 fxe5 15. Bxg5 $6 (15. dxe5) 15... Bxg5 16.
f4 (16. dxe5 O-O 17. f4 Bd8) 16... Bxf4 $1 17. dxe5 Nd4 $3 (17... Bh6 18. Qh5+
Kd8 19. Nc3 $44) 18. Qd1 (18. Qf2 O-O 19. Nxf4 (19. Qxd4 Bxh2+ 20. Kxh2 Rxf1
21. b3 Qf7 $19) 19... Rxf4 $19 {Micic,S-Jovanovic,S Jugoslavija 1994 61/203})
18... Be3+ 19. Kh1 Nf5 20. Nc3 O-O $19 {Fusthy,Z-Shirov,A Budapest 1989}) 14...
O-O 15. Nd3 Nf7 (15... fxe5 $5) 16. f4 f5 17. Nf3 $14 {this is quite a
pleasure to play this position with the white pieces since he has big space
advantage,better pieces and some quite obvious and too complicated plans,one
is to play on the King's side with h3-g4 one day,and the second is to play on
the Queen's side,it means white is better on both flanks,which means quite a
lot} b6 18. h3 $1 {just a usefull move,making a kood square for the king on h2,
and prepering g4 one day} Nh6 19. Kh2 Nb4 20. Nxb4 Bxb4 21. Qa6 $1 Rac8 (21...
Qc8 22. Qa4 {[%cal Ga1c1,Gc1c6]}) 22. Rac1 Be7 23. Rg1 Rfe8 24. Bd2 Red8 25.
Rgf1 (25. g4) 25... Kh8 26. a4 Re8 27. Rfd1 Rf8 28. Re1 Rfe8 (28... Nf7) 29.
Red1 Rf8 $6 {black thought or maybe felt white has nothing to play for or
maybe a draw is close or something like this,since when white decides to do
something right now it seems black defence is not organized so well,the knight
on h6 would have been much better on f7,so his the king on h8 which could stay
with out any problems on g8...} (29... Nf7) 30. Qb5 Qxb5 (30... Qb7 31. a5) 31.
axb5 {[%csl Ra7,Re6][%cal Ga1a7]} Nf7 32. Ra1 (32. Rc6) 32... Rc7 33. Rdc1 $1
$16 {[%cal Gc1c8] now black has been cought by white,since black can not play
Rfc8 because of Rxa7 he must give up now the "c" file,and this means very bad
news for him} Rd7 (33... Rfc8 34. Rxa7 $1 Rxc1 35. Bxc1 Rxc1 36. Rxe7) 34. Rc6
Nd8 35. Rc8 {[%cal Gc8a8,Ga1a7]} Nf7 {if not white simply played Ra8 and takes
on a7} 36. Rac1 h6 $6 (36... Rxc8 37. Rxc8+ Nd8 {this is the only way to try
and hold the position with the black pieces} (37... Rd8 38. Rc7) (37... Bd8 38.
Rc6 Re7 39. Bb4 Re8 40. Rc8 $18) 38. Ne1 (38. Ng5 Bxg5 39. fxg5 g6 40. Bb4)
38... Kg8 39. Nd3 Kf7 40. Bb4 {and after the exchange of the black bishops
white will be able to place his knight on b4,with a difficult position for
black,now we see the price he had to pay for the fact that his king ans knight
were out of the game}) 37. R1c7 $18 Rxc8 38. Rxd7 Re8 39. Rxa7 Kg8 40. g4 g6
41. Rb7 Bd8 42. Bb4 Kg7 43. Kg3 Rh8 44. Be7 1-0

[Event "Mermaid Beach Club"]
[Site "Bermuda"]
[Date "1997.??.??"]
[Round "11"]
[White "Shaked, Tal"]
[Black "De Firmian, Nick E"]
[Result "0-1"]
[WhiteElo "2445"]
[BlackElo "2575"]
[Annotator "Har Zvi,R"]
[PlyCount "78"]
[EventDate "1997.01.??"]
[EventType "tourn"]
[EventRounds "11"]
[EventCountry "BER"]
[EventCategory "11"]
[SourceTitle "CBM 058"]
[Source "ChessBase"]
[SourceDate "1997.06.01"]
[SourceVersion "1"]
[SourceVersionDate "1997.06.01"]
[SourceQuality "1"]

1. e4 {Horvath,T Baburin} c5 2. Nf3 d6 3. Bb5+ Bd7 4. Bxd7+ Nxd7 5. O-O Ngf6 6.
Qe2 e6 7. c3 Be7 8. d4 cxd4 (8... O-O 9. Rd1 (9. e5 Nd5 (9... Ne8) 10. c4 Nb4 (
10... N5b6 11. dxc5 Nxc5 12. exd6 Qxd6 13. Rd1 Qc7 14. Nc3 Rad8 15. Be3 Nca4
16. Nxa4 Nxa4 17. Bd4 $14 {Borge,N-de Firmian,N Farum 1993}) 11. exd6 Bxd6 12.
Bg5 Be7 13. Bxe7 Qxe7 14. d5 Rfe8 15. a3 Na6 16. dxe6 Qxe6 17. Qxe6 Rxe6 18.
Nc3 Nc7 $11 {Wahls,M-Browne,W/Dortmund-A/1990/}) 9... cxd4 10. cxd4 Nb6 11. Nc3
Qc7 (11... Rc8 12. Rd3 Qc7 13. Bg5 h6 14. Bxf6 Bxf6 15. Rad1 Be7 16. d5 exd5
17. Nxd5 Nxd5 18. Rxd5 Qc4 19. Qxc4 Rxc4 20. Nd4 Rfc8 $11 {Chekhov,V-Panchenko,
An RUS-chT Podolsk 1992}) 12. Bg5 h6 13. Bh4 Rfc8 14. Rac1 Qd8 15. Rc2 d5 16.
e5 Ne8 $11 {Torre,E-Polugaevsky,L Biel 1989}) 9. cxd4 d5 (9... O-O 10. Nc3 Nb6
(10... Rc8 $6 11. e5 Ne8 12. d5 $1 exd5 13. e6 Ne5 $8 14. Nxe5 dxe5 15. Qxe5
Bd6 16. exf7+ Rxf7 17. Qd4 $14 {Wahls,M-Mainka,R/Dortmund-B/1989/}) 11. b3 Rc8
12. Bb2 a6 13. Ne1 d5 14. e5 Nfd7 15. Nd3 Nb8 16. f4 Nc6 17. Qe3 Qd7 $11 {
Nijboer,F-Polugaevsky,L/Groningen PCA/1993/}) 10. e5 Ne4 11. Ne1 Qb6 12. Be3 f6
13. f3 Ng5 14. Nd3 (14. Qd2 {Horvath,T} fxe5 $1 15. Bxg5 $2 (15. dxe5 Bc5 $15)
15... Bxg5 16. Qxg5 Qxb2 $17 {Etmans-Van der Wiel/Amsterdam/1996}) 14... O-O (
14... Nf7 15. Nc3 O-O 16. Rfe1 (16. f4 $5) (16. a4 $5) 16... fxe5 (16... Rac8)
17. dxe5 Qa6 18. Nf4 Qxe2 19. Rxe2 Nd8 20. Nb5 $14 {/+/- Chekhov,V-Ftacnik,L/
Deutschland 1992 56/205 [Chekhov,V]}) 15. Nc3 Qa6 (15... Rac8 16. Bf2 Qa6 17.
Rfe1 fxe5 18. Nxe5 Nxe5 19. Qxe5 Rxf3 20. Nxd5 Bf6 21. Nxf6+ gxf6 22. Qe2 Qxe2
23. Rxe2 Rf4 {the fight on the e4 square} 24. Rae1 Rg4 $1 (24... f5 25. Be3)
25. Kf1 f5 $13 {/+/= Lechtynsky,J-Doncev,D Bratislava 1983}) 16. Rae1 Rae8 17.
Bf2 (17. f4 {Horvath,T} Ne4 18. Nxe4 dxe4 19. Nf2 Qxe2 20. Rxe2 f5 21. d5 $5 (
21. Rc2 Nb6 $1) 21... exd5 22. Rd1 (22. Bxa7 $2 b6 $19) 22... Nc5 23. Rxd5 Rc8
$13) (17. Bxg5 {Horvath,T} fxg5 18. f4 Nb8 $1) 17... fxe5 18. dxe5 (18. Nxe5
Nxe5 19. dxe5 (19. Qxa6 $2 Nexf3+) (19. Qxe5 Rxf3) 19... Qxe2 20. Rxe2 a6 $13
21. Rc2 Nf7 22. f4 Nd8) 18... Nf7 19. f4 Nh6 20. Rc1 Rc8 21. Rc2 Rc6 22. Rfc1
Qa5 (22... Nf5 $5) 23. a3 a6 24. Na2 Qb5 25. Nab4 Rc4 26. g3 a5 27. Na2 Qb3 28.
Nc3 Rfc8 29. Ne1 Nc5 (29... Bc5 30. Nf3 Bxf2+ 31. Qxf2 Ng4 32. Qa7 $1 {
threatening Nd2} Qb6+ 33. Qxb6 Nxb6 34. Nd2 R4c7 35. Nb3 $13 {/+/=}) 30. Nd1 $6
{A very strange move. White has started a good correct plan transfering the
knight from d3 to f3,and insted of continuaing with his plan and playing now
Nf3 which as we will see probebly gives him a good position he decided to play
something else} (30. Nf3 Ne4 31. Nd4 Nxc3 32. Rxc3 Qa2 (32... Rxc3 33. Rxc3
Rxc3 34. Nxb3 Rxb3 35. Qc2 (35. g4) 35... a4 (35... Rb5 $2 36. Qa4 Rxb2 37.
Qe8+ $18) 36. Qc7 Kf8 (36... Kf7 37. Bc5 Ng8 (37... Nf5 $2 38. g4) 38. f5 $1
$18) 37. Qd7 $18) 33. Rxc4 dxc4 (33... Rxc4 34. Rd1 $1 $16 {[%csl Ra2,Re6]
just what is exactely the queen on a2?}) 34. Rc3 $1 {not 34.Nxe6? because of
34...c3 but just after 34.Rc3! black's position is bad the queen on a2 is out
of the game,the e6 pawn is very weak,black can not his "b" pawn to support the
c4 pawn which is also weak} Kf7 35. Kg2 $16) 30... b5 (30... Rxc2 31. Rxc2 (31.
Qxc2 Rc6) 31... Rc6 {and in both cases black seems OK}) 31. Ne3 Ne4 {Baburin: 
[#]Black sacrifices the Exchange on the c4-square in similar circumstances to
those in the game Maherramzade-Pigusov: he obtains pressure upon the newly
opened b-file (in that game it was the d-file) and gets better minor pieces.
This is an interesting attempt to fight for initiative, while} (31... Rxc2 32.
Qxc2 (32. Rxc2) (32. Rxc2 {Baburin would have led to equality.}) 32... Qxc2 (
32... Qa2) (32... Rb8 {Horvath,T} 33. Qxb3 Nxb3 34. Rc7 Bc5 35. Nd3 $13) 33.
Rxc2 Rd8 (33... Rc7)) 32. Nxc4 bxc4 33. Qf3 (33. Qe3 Qb5 34. Qb6 Qd7 35. Qxa5
g5 $44) (33. Nf3 Nxf2 34. Kxf2 Ng4+ {for example,} 35. Ke1 Bc5 (35... Nxh2 36.
Nxh2 Qxg3+ 37. Qf2 (37. Kd1 {Baburin} Qxf4 $13) 37... Bh4 38. Qxg3 Bxg3+ 39.
Kf1 Bxf4 40. Re1 Bg3 41. Re3 $1 Bf4 42. Ree2 d4 43. Re4 d3 44. Rcxc4 $18) 36.
Ng5 $1) (33. Nf3 $1 {Horvath,T}) 33... a4 34. Qxb3 $2 (34. Kg2 Qb7) 34... axb3
35. Re2 c3 36. Re3 $2 (36. Rxe4 $2 dxe4 37. bxc3 b2 38. Rb1 Rxc3 39. Rxb2 e3
$19) (36. Bd4 $8 c2 (36... Nf5 37. Bxc3 Nxc3 (37... Bxa3 38. Rxe4 $1 (38. bxa3
Nxc3 39. Kg2 Rc4 $44) 38... Bc5+ 39. Kh1 dxe4 40. Bb4) 38. Rxc3 Rxc3 39. bxc3
Bxa3 40. Nd3) 37. Nxc2 Nf5 38. Bb6 $13 (38. Bf2 {Baburin} Nxf2 $17) 38... Rc6
39. g4) (36. bxc3 $2 Nxc3 {[%cal Gc3e2]} (36... Nxc3 {Horvath,T} 37. Kf1 Bxa3
$19)) 36... Ng4 $19 37. Rxe4 (37. Rexc3 {Horvath,T} Rxc3 38. bxc3 Bxa3 $19)
37... dxe4 38. bxc3 e3 39. Bxe3 Nxe3 0-1